Homelands and diasporas (Record no. 175917)
[ view plain ]
| 000 -LEADER | |
|---|---|
| fixed length control field | 01656nam a2200385 a 4500 |
| 245 00 - TITLE STATEMENT | |
| Title | Homelands and diasporas |
| 260 ## - PUBLICATION, DISTRIBUTION, ETC. (IMPRINT) | |
| Place of publication | London : |
| Name of publisher | I.B. Tauris, |
| Year of publication | 2008. |
| 300 ## - PHYSICAL DESCRIPTION | |
| Number of Pages | 443 p. |
| 490 1# - SERIES STATEMENT | |
| Series statement | International library of migration studies ; |
| 505 0# - FORMATTED CONTENTS NOTE | |
| Formatted contents note | pt. 1. The genesis of diasporas -- pt. 2. Pre-modern diaspora: patterns of behaviour -- pt. 3. The diaspora in its various guises -- pt. 4. The modern world and its demise. |
| 650 #0 - SUBJECT ADDED ENTRY--TOPICAL TERM | |
| Topical Term | Jewish diaspora. |
| Topical Term | Jewish diaspora |
| Topical Term | Jews |
| Topical Term | Jews |
| 700 1# - ADDED ENTRY--PERSONAL NAME | |
| Personal name | Rozen, Minna. |
| 856 40 - ELECTRONIC LOCATION AND ACCESS | |
| Uniform Resource Identifier | http://site.ebrary.com/lib/rucke/Doc?id=10310804 |
No items available.
